000
00244nam a2200097Ia 4500
001
1252158
005
20251031150929.0
008
251031s9999 xx 000 0 und d
245
0
_c
AYÇA SIĞIRCI
_a
Ü-4 KUNKUN KÖYÜ
260
_b
ERDEM YAYINLARI
999
_c
1252158
_d
1252158